LEADER 04708 am 2200937 n 450 001 9910293135903321 005 20181114 010 $a2-85831-284-2 024 7 $a10.4000/books.pressesinalco.6413 035 $a(CKB)4100000007142836 035 $a(FrMaCLE)OB-pressesinalco-6413 035 $a(oapen)https://directory.doabooks.org/handle/20.500.12854/52735 035 $a(PPN)24128970X 035 $a(EXLCZ)994100000007142836 100 $a20181116j|||||||| ||| 0 101 0 $afre 135 $auu||||||m|||| 181 $ctxt$2rdacontent 182 $cc$2rdamedia 183 $acr$2rdacarrier 200 13$aLa marche de Cao B?ng $eLa Cour et les gardiens de frontière, des origines aux conséquences de la réforme de Minh M?ng /$fTh? H?i Nguy?n 210 $aParis $cPresses de l?Inalco$d2018 215 $a1 online resource (292 p.) 311 $a2-85831-283-4 330 $aSituée à la frontière du nord du Vietnam et dotée d?un relief accidenté, la province de Cao B?ng, pays des Tày, a longtemps été considérée comme une zone reculée, barbare, insalubre et potentiellement dangereuse pour les Kinh venus du delta. Pour bien administrer cette zone frontalière, le souverain dût accepter les privilèges des chefs autochtones en maintenant ses propres prérogatives comme les éléments symboliques. Mais, à partir de 1820, en visant à intégrer cette région au système administratif officiel du pays, l?empereur Minh M?ng (1820?1840) a réalisé une politique pour éliminer le pouvoir des gardiens de frontière. Cette réforme est considérée comme la première offensive, et d?ailleurs la plus violente, du pouvoir central à l?encontre des chefs autochtones en zone montagneuse. Cette monographie met en lumière la relation entre la monarchie et les pouvoirs locaux de Cao B?ng des origines aux conséquences de la réforme de Minh M?ng, y compris la rivalité politique entre des chefs locaux sur le plan local. Cette étude rétrospective offre un nouveau regard sur le processus d?intégration des marches frontières du nord du Vietnam et sur les difficultés rencontrées par la cour de Hué dans sa gestion des régions frontalières. Located on the northern border of Vietnam, endowed with a mountainous landscape and inhabited by the Tày people, the province of Cao B?ng was considered the most remote, barbarian, unhealthy and potentially dangerous region for Vietnamese from the delta. To govern this area successfully, the sovereign had to accept local leaders? right to control the border and was obliged to limit the royal prerogative to symbolic forms, such as the payment of tribute. However, beginning in 1820, in an effort to integrate the region into the official administrative system of the country, the Emperor Minh Mang launched a policy to eliminate the power of chieftains in the borderland region. This reform was the first and most violent offensive of the central? 606 $aHistory 606 $agardien de frontière 606 $atusi 606 $achef autochtone 606 $azone frontalière 606 $apouvoir local 606 $aminorité 606 $aCao B?ng 606 $anord du Vietnam 606 $arégion montagneuse 606 $aTày 606 $anative chieftains 606 $aindigenous leaders 606 $alocal authority 606 $aminorities 606 $aborderland 606 $aCao-Bang 606 $aNorth Vietnam 606 $amountainous area 607 $aCao Ba??ng (Vietnam : Province)$xHistory 607 $aVietnam$xHistory$y1787-1858 610 $amountainous area 610 $aNorth Vietnam 610 $aminorities 610 $aborderland 610 $alocal authority 610 $aCao-Bang 610 $aindigenous leaders 610 $aTày 610 $anative chieftains 615 4$aHistory 615 4$agardien de frontière 615 4$atusi 615 4$achef autochtone 615 4$azone frontalière 615 4$apouvoir local 615 4$aminorité 615 4$aCao B?ng 615 4$anord du Vietnam 615 4$arégion montagneuse 615 4$aTày 615 4$anative chieftains 615 4$aindigenous leaders 615 4$alocal authority 615 4$aminorities 615 4$aborderland 615 4$aCao-Bang 615 4$aNorth Vietnam 615 4$amountainous area 700 $aNguy?n$b Th? H?i$01329719 701 $aDavis$b Bradley Camp$01070609 801 0$bFR-FrMaCLE 906 $aBOOK 912 $a9910293135903321 996 $aLa marche de Cao B?ng$93039592 997 $aUNINA LEADER 04658nam 22008655 450 001 9910648572003321 005 20240912145032.0 010 $a9783839463536 010 $a383946353X 024 7 $a10.1515/9783839463536 035 $a(CKB)5580000000512179 035 $a(DE-B1597)627779 035 $a(DE-B1597)9783839463536 035 $a(OCoLC)1371573463 035 $a(MiAaPQ)EBC7192643 035 $a(ScCtBLL)3332631d-1bbc-46de-b5e8-279fd774ff52 035 $a(Perlego)3740959 035 $a(EXLCZ)995580000000512179 100 $a20230228h20232023 fg 101 0 $ager 135 $aur||||||||||| 181 $ctxt$2rdacontent 182 $cc$2rdamedia 183 $acr$2rdacarrier 200 00$aBrüchige Ehen $eAlternative Konzeptualisierungen partnerschaftlicher Sozialität in der Romania um 1900 /$fhrsg. von Christina Wieder, Teresa Hiergeist 210 1$aBielefeld : $ctranscript Verlag, $d[2023] 210 4$d©2023 215 $a1 online resource (320 p.) 225 0 $aLettre 311 08$a9783837663532 311 08$a3837663531 327 $tFrontmatter -- $tInhalt -- $tBrüchige Ehen -- $tPassion und Institutionalisierung -- $t»Les bras le plus tendrement fermés sur vous sont encore une chaîne.« -- $tLiebe(smarkt) jenseits der Ehe -- $tUnamunos Bienengleichnis -- $t»Paris était là.« -- $t»Dans les rues calmes, sans horizon, uni par l'habitude.« -- $tZur Verortung des weiblichen Begehrens -- $tRepartir la risa -- $tEl agua más espeso que la sangre -- $tUnmoralische Treue, moralische Untreue? -- $tKeine Ehe ist auch (k)eine Lösung -- $tDer italienische Eheroman zwischen Parodie, Zensur und Dialog -- $tPost-Romantische Ehe und die »Erziehung« der Frau -- $tAlternativ(los)e Ehen -- $tDie Krise der Ehe im entre-deux-guerres -- $tAutor*innenverzeichnis 330 $aDie Ehe stellt das Sozialmodell der bürgerlichen Moderne par excellence dar. Mit der Integration von Liebe, Freundschaft und Sexualität schafft sie den Brückenschlag zwischen Privatheit und Öffentlichkeit. Doch so prädestiniert die Ehe hinsichtlich der Absorption der politischen, wirtschaftlichen und kulturellen Bedingungen und Bedürfnisse der bürgerlichen Moderne scheint, so sehr steht sie auch in der Kritik. Die Beiträger*innen nehmen diskursive Infragestellungen der Ehe in kulturellen Artefakten der Romania von 1870 bis 1930 in den Blick und analysieren sie aus kultur- und literaturwissenschaftlicher Perspektive. 606 $aLITERARY CRITICISM / European / French$2bisacsh 610 $aBourgeoisie. 610 $aCultural Studies. 610 $aCulture. 610 $aFamily. 610 $aFrench Literature. 610 $aFriendship. 610 $aItalian Literature. 610 $aLiterary Studies. 610 $aLiterature. 610 $aLove. 610 $aMarriage. 610 $aModernity. 610 $aRomance Studies. 610 $aSexuality. 610 $aSocial Relations. 610 $aSociety. 615 7$aLITERARY CRITICISM / European / French. 676 $a306.81 702 $aDada?$b ?irin, $4ctb$4https://id.loc.gov/vocabulary/relators/ctb 702 $aDonnarieix$b Anne-Sophie, $4ctb$4https://id.loc.gov/vocabulary/relators/ctb 702 $aExner$b Isabel, $4ctb$4https://id.loc.gov/vocabulary/relators/ctb 702 $aHarst$b Joachim, $4ctb$4https://id.loc.gov/vocabulary/relators/ctb 702 $aHiergeist$b Teresa, $4ctb$4https://id.loc.gov/vocabulary/relators/ctb 702 $aHiergeist$b Teresa, $4edt$4http://id.loc.gov/vocabulary/relators/edt 702 $aHülk$b Walburga, $4ctb$4https://id.loc.gov/vocabulary/relators/ctb 702 $aKern$b Matthias, $4ctb$4https://id.loc.gov/vocabulary/relators/ctb 702 $aLoy$b Benjamin, $4ctb$4https://id.loc.gov/vocabulary/relators/ctb 702 $aRieger$b Rita, $4ctb$4https://id.loc.gov/vocabulary/relators/ctb 702 $aSchrader$b Sabine, $4ctb$4https://id.loc.gov/vocabulary/relators/ctb 702 $aSchuhen$b Gregor, $4ctb$4https://id.loc.gov/vocabulary/relators/ctb 702 $aStöferle$b Dagmar, $4ctb$4https://id.loc.gov/vocabulary/relators/ctb 702 $aWelge$b Jobst, $4ctb$4https://id.loc.gov/vocabulary/relators/ctb 702 $aWieder$b Christina, $4ctb$4https://id.loc.gov/vocabulary/relators/ctb 702 $aWieder$b Christina, $4edt$4http://id.loc.gov/vocabulary/relators/edt 702 $aWimmer$b Isabelle, $4ctb$4https://id.loc.gov/vocabulary/relators/ctb 801 0$bDE-B1597 801 1$bDE-B1597 906 $aBOOK 912 $a9910648572003321 996 $aBrüchige Ehen$93088796 997 $aUNINA